Multiple Choice City Quiz – Yangon - Statistics

General Stats
  • This quiz has been taken 17 times
  • The average score is 7 of 10
Answer Stats
Question Answer % Correct
Which army entered Yangon in 1942? Imperial Japanese Army
100%
Which Yangon native won the Nobel Peace Prize and served as Myanmar's first female head of government until 2021? Aung San Suu Kyi
88%
What was the former name of Yangon? Rangoon
88%
Whose colonial architecture can be seen in many buildings in downtown Yangon? The British
88%
Yangon is ... The most populous city of Myanmar
88%
Which graduate of Yangon University became Secretary-General of the United Nations? U Thant
88%
Mohinga is a favourite breakfast in Yangon's streets. What is Mohinga? Fish broth with rice noodles
75%
Who based his first novel on his experiences as an imperial police officer in Yangon? George Orwell
63%
What body of water lies a few kilometers downriver from Yangon? Andaman Sea
50%
Which of these is NOT TRUE about Shwedagon pagoda? Its name means "Eternal Peace"
13%
No matching quizzes found
Score Distribution
Percent of People with Each Score
Percentile by Number Answered
Your Score History
You have not taken this quiz